000 00217 a2200097 4500
001 58020
090 _c35527
_d35527
245 _aFunctional Analysis,2/e
250 _a2
260 _aNew Delhi
_bTata Mcgraw Hill Publishing
_c2006
942 _aNUST-CAE
999 _c293093
_d293093